00784nam a2200193 a 450000100100000000500170001000800410002702000150006804000250008310000270010824501370013526000640027230000210033649000400035750400310039750400730042871000470050183000420054800003920020201002031536.0130611s2004 dr 000 0 spa d a8400082249 aDO-SdBNPbspacBNPHU1 aPego Puigbó, Armando13aEl renacimiento espiritual :bintroducción literaria a los tratados de oración españoles (1520-1566) /cArmando Pego Puigbó. aMadrid :bInstituto de la Lengua Española, (CSIC),c2004. a222 p. ;c24 cm.1 aAnejos de Revista de literaturav61 aBibliografía : p. 207-22 aIncluye referencias bibliográficas y notas al pie de las páginas2 aInstituto de la Lengua Española, (CSIC), 0aAnejos de Revista de literatura ;v61